| 000 | 00382nam a2200169Ia 4500 | ||
|---|---|---|---|
| 003 | IT-RoPAU | ||
| 008 | 120407s9999 xx 000 0 und d | ||
| 040 | _aIT-RoPAU | ||
| 040 | _cIT-RoPAU | ||
| 100 | _aGiacomo Alberione | ||
| 245 | _aLa mano del Signore su di me | ||
| 260 | _aEdizioni Paoline | ||
| 300 | _c cm | ||
| 490 | _v1 | ||
| 700 | _aGiuseppe Di Corrado | ||
| 942 | _cBK | ||
| 999 |
_c4545 _d4545 |
||